000 00697nam a22002417a 4500
001 00260
003 DO-SdBNP
005 20240411104353.0
008 151126b 19uu sp | |||| 00| 0 spa d
020 _a8475051820(v.1)
020 _a8475051839(v.2)
040 _aBPMSU
_bspa
_cBPMSU
082 4 _a808.83
_bA634u
_222
245 0 0 _aAntología universal de cuentos y narraciones.
260 _aBarcelona :
_bOcéano,
_c[198-?]
300 _a2v.
_c21 cm.
500 _a Incluye referencias bibliográficas y notas al pie de las páginas
590 _6Inventariado, 2022/VM
650 4 _aCuentos
_vColecciones
650 4 _a
910 _aVMateo V. Control de calidad. BPMSU
942 _2ddc
_cBK
999 _c8928
_d8928